| 000 | 01404nab a2200229 i 4500 | ||
|---|---|---|---|
| 001 | 768714001 | ||
| 003 | CO-MdFUSB | ||
| 005 | 20230613102421.0 | ||
| 008 | 230429s2009 us ||||| |||| 00| 0 eng d | ||
| 022 | _a1669-8649 | ||
| 040 |
_bspa _aCO-MdFUSB _cCO-MdFUSB _dCO-MdFUSB |
||
| 041 | _aeng | ||
| 100 | 1 |
_aSalinas, Daniel, _eautor |
|
| 245 |
_aOrlando Enrique Costas _c/ Daniel Salinas |
||
| 300 |
_aVolumen 4, número 2 (2009), páginas 136 - 155 _c; 20 cm |
||
| 520 | _aEste artículo introduce al lector uno de los más renombrados teólogos evangélicos latinoamericanos: el puertorriqueño Orlando Enrique Costas. Incluye un esbozo biográfico, un resumen sucinto de su producción teológica y una corta evaluación personal del autor del artículo. Esta presentación es meramente introductoria. Incluye algunos de los temas principales que Costas ha abordado, pero su producción es mucho más amplia que estas páginas. Quienes quieran ampliar su rango de conocimiento y profundizar su comprensión deberán consultar los textos que aparecen en la bibliografía al final del volumen completo. | ||
| 546 | _aTexto en inglés | ||
| 650 | 7 |
_9409 _aBiografía |
|
| 650 | 7 |
_9233 _aTeólogos |
|
| 773 | 0 |
_049416 _981275 _dSantiago de Chile _oR1723 _tJournal of Latin American Theology : _w(CO-MdFUSB)118 _x1669-8949 _gVolumen 4, número 2 (2009), páginas 136 - 155 _qpágina 136 |
|
| 942 | _cANA | ||
| 999 |
_c68824 _d68824 |
||